000
00197 a2200085 4500
020
_a
9789810737450
100
_a
Irmscher
245
_a
Parking Structures, Vol.2: Buildings and Projects
260
_b
RHED
999
_c
12223
_d
12223